000
00283nam a2200109Ia 4500
008
190913s9999||||xx |||||||||||||| ||und||
100
_a
Kenneth H. Rosen
245
0
_a
Exploring Discrete Mathematics With MAPLE
260
_a
New York
_b
McGraw Hill
_c
2001
300
_a
200
942
_c
BK
999
_c
8297
_d
8297